Kvety a ľudia

Rozvoj cestovného ruchu v Tunisku. Pohľad na kultúrne pamiatky a turistické zvyklosti v Tunisku.

Gespeichert in:
Bibliographische Detailangaben
1. Verfasser: Tytykalová, Halka
Format: Buchkapitel
Sprache:Slowakisch
Schlagworte:
Tags: Tag hinzufügen
Keine Tags, Fügen Sie das erste Tag hinzu!

MARC

LEADER 00000naa a2200000 4500
001 r043047
005 20230920073557.7
041 0 |a slo 
044 |a SK 
245 1 0 |a Kvety a ľudia  |c Halka Tytykalová 
520 |a Rozvoj cestovného ruchu v Tunisku. Pohľad na kultúrne pamiatky a turistické zvyklosti v Tunisku. 
610 2 0 |a ruch cestovný 
610 2 0 |a Tunisko 
610 2 0 |a pamiatky 
610 2 0 |a turistika 
100 1 |a Tytykalová, Halka